000 01356namaa22003131i 4500
005 20260623102941.0
008 260609s1994 ua a|||frm||| 000 0 eng d
040 _aEG-GICUC
_beng
_cEG-GICUC
_dEG-GICUC
_erda
041 0 _aeng
_beng
_bara
049 _aDeposit
097 _aM.Sc
099 _aCai01.11.31.M.Sc.1994.Ab.R.
100 0 _aAbdel-Hadi Taha Imam Abo-Senna,
_epreparation.
245 1 0 _aRole Of Mri In The Evaluation Of Stroke With Negative CT Scan /
_cBy Abdel-Hadi Taha Imam Abo-Senna; Under Supervision Of Dr. Ahmed Sami Said, Dr. Nagui Mohamed Abdel-Wahab.
246 1 5 _aدور الرنين المغماطيسى في تقييم السكتة الدماغية مع سالبية الأشعة المقطعية
264 0 _c1994.
300 _a142 Leaves :
_billustrations ;
_c30 cm. +
336 _2rda content
_atext
337 _2rdamedia
_aUnmediated
338 _2rdacarrier
_avolume
502 _aThesis (M.Sc.) -Cairo University, 1994.
504 _aBibliography: pages 130-142.
653 0 _aRadio Diagnosis
700 0 _aAhmed Sami Said
_ethesis advisor.
700 0 _aNagui Mohamed Abdel-Wahab
_ethesis advisor.
900 _DDepartment of Radio Diagnosis
_FFaculty of Medicine
_UCairo University
_b1994
_cAhmed Sami Said
_cNagui Mohamed Abdel-Wahab
905 _aEman El gebaly
_eNourhan
942 _2ddc
_cTH
_e21
_n0
999 _c180449